Visages de bronze (Record no. 8880)

MARC details
000 -CABECERA
campo de control de longitud fija 00966nam a2200289 a 4500
001 - NÚMERO DE CONTROL
campo de control BRL_67
005 - FECHA Y HORA DE LA ÚLTIMA TRANSACCIÓN
campo de control 20190320210556.0
008 - DATOS DE LONGITUD FIJA--INFORMACIÓN GENERAL
campo de control de longitud fija 041012c19uu----sz-a######---#000-0#fre-#
041 ## - CÓDIGO DE LENGUA
Código de lengua del texto/banda sonora o título independiente fre
044 ## - CÓDIGO DEL PAÍS DE LA ENTIDAD EDITORA/PRODUCTORA
Código MARC del país sz
050 #4 - SIGNATURA TOPOGRÁFICA DE LA BIBLIOTECA DEL CONGRESO
Número de clasificación F2230.1S7
Número de documento/Ítem .V57 1959
245 10 - MENCIÓN DE TÍTULO
Título Visages de bronze
Mención de responsabilidad, etc. photographies de Pierre Allard et Philippe Luzuy ; préface de Paul Morand.
260 ## - PUBLICACIÓN, DISTRIBUCIÓN, ETC.
Lugar de publicación, distribución, etc. Neuchâtel
Nombre del editor, distribuidor, etc. Ides et Calendes
Fecha de publicación, distribución, etc. [19--?]
300 ## - DESCRIPCIÓN FÍSICA
Extensión 72 p.
Otras características físicas il.
Dimensiones 29 cm.
440 #0 - MENCIÓN DE SERIE/PUNTO DE ACCESO ADICIONAL--TÍTULO
Título Dans la meme
Designación de volumen o secuencia 25
9 (RLIN) 22816
500 ## - NOTA GENERAL
Nota general Au63
651 #4 - PUNTO DE ACCESO ADICIONAL DE MATERIA--NOMBRE GEOGRÁFICO
Nombre geográfico Indígenas de América del Sur
Subdivisión general Vida social y costumbres
9 (RLIN) 22817
651 #4 - PUNTO DE ACCESO ADICIONAL DE MATERIA--NOMBRE GEOGRÁFICO
Nombre geográfico Indígenas de Ecuador
Subdivisión general Vida social y costumbres
9 (RLIN) 22818
651 #4 - PUNTO DE ACCESO ADICIONAL DE MATERIA--NOMBRE GEOGRÁFICO
Nombre geográfico Indígenas de Bolivia
Subdivisión general Vida social y costumbres
9 (RLIN) 22819
651 #4 - PUNTO DE ACCESO ADICIONAL DE MATERIA--NOMBRE GEOGRÁFICO
Nombre geográfico Ecuador
Subdivisión general Civilización
9 (RLIN) 22820
651 #4 - PUNTO DE ACCESO ADICIONAL DE MATERIA--NOMBRE GEOGRÁFICO
Nombre geográfico Bolivia
Subdivisión general Civilización
9 (RLIN) 22821
700 1# - PUNTO DE ACCESO ADICIONAL--NOMBRE DE PERSONA
Nombre de persona Allard, Pierre
Término indicativo de función/relación il.
9 (RLIN) 22822
700 1# - PUNTO DE ACCESO ADICIONAL--NOMBRE DE PERSONA
Nombre de persona Morand, Paul
9 (RLIN) 15499
700 1# - PUNTO DE ACCESO ADICIONAL--NOMBRE DE PERSONA
Nombre de persona Luzuy, Philippe
9 (RLIN) 22823
902 ## - CATALOGADOR
Iniciales GRL
942 ## - ELEMENTOS DE PUNTO DE ACCESO ADICIONAL (KOHA)
Fuente del sistema de clasificación o colocación Library of Congress Classification
Tipo de ítem Koha Libros
Holdings
Estado de retiro Estado de pérdida Estado dañado No para préstamo Localización permanente Ubicación/localización actual Fecha de adquisición Número de inventario Total de préstamos Signatura topográfica completa Código de barras Fecha visto por última vez Precio válido a partir de Tipo de ítem Koha
El ejemplar forma parte de la colección y puede ser consultado según las políticas vigentes.       Biblioteca Centro de Estudios Ruth D. Lechuga Biblioteca Centro de Estudios Ruth D. Lechuga 04/10/2012 Au63   F2230.1S7 .V57 1959 (Au63) GRL00069 22/03/2019 22/03/2019 Libros